Las leyes de Indias : (Record no. 153775)

MARC details
000 -LEADER
campo de control de longitud fija 00965nam a2200217 i 4500
001 - NÚMERO DE CONTROL
campo de control 153775
003 - IDENTIFICADOR DE NÚMERO DE CONTROL
campo de control ES-MaACL
005 - FECHA Y HORA DE LA ÚLTIMA TRANSACCIÓN
campo de control 20250808085334.0
008 - DATOS DE LONGITUD FIJA--INFORMACIÓN GENERAL
campo de control de longitud fija 970725m18891890sp |||| | spa d
245 04 - MENCIÓN DEL TÍTULO
Título Las leyes de Indias :
Resto del título con las posteriores a este código vigentes hoy y un epílogo sobre las reformas legislativas ultramarinas /
Mención de responsabilidad, etc. por Don Miguel de la Guardia.
260 ## - PUBLICACIÓN, DISTRIBUCIÓN, ETC.
Lugar de publicación, distribución, etc. Madrid :
Nombre del editor, distribuidor, etc. [s.n.],
Fecha de publicación, distribución, etc. 1889-1890 (
Fabricante Estab. Tip. de Pedro Núñez)
300 ## - DESCRIPCIÓN FÍSICA
Extensión 13 v. ;
Dimensiones 18 cm.
490 1# - MENCIÓN DE SERIE
Mención de serie Biblioteca Judicial ;
Designación de volumen o secuencia 60-65, 67, 70-71, 74-75, 77, 79
510 4# - NOTA DE CITAS O REFERENCIAS BIBLIOGRÁFICAS
Nombre de la fuente Palau,
Localización dentro de la fuente 109425
597 ## - NOTA DE DESCRIPCIÓN FÍSICA
NOTA DE DESCRIPCIÓN FÍSICA T. I (269 p.) -- T. X (274 p.) -- T. XI (272 p.) -- T. XII (255 p.) -- T. XIII (272 p.)
650 04 - PUNTO DE ACCESO ADICIONAL DE MATERIA--TÉRMINO DE MATERIA
Término de materia o nombre geográfico como elemento de entrada Derecho colonial-
Subdivisión geográfica América española
9 (RLIN) 11671
700 1# - ENTRADA AGREGADA--NOMBRE PERSONAL
Nombre de persona Guardia, Miguel de la.
9 (RLIN) 127588
830 1# - PUNTO DE ACCESO ADICIONAL DE SERIE-TÍTULO UNIFORME
Título uniforme Biblioteca Judicial ;
Designación de volumen o secuencia 60-65, 67, 70-71, 74-75, 77, 79
9 (RLIN) 181856
852 ## - LOCALIZACIÓN
Ubicación ES-MaACL
Número de control de estantería B-6695-6707
Nota libre - Enc. pasta
Holdings
Estatus retirado Estado de pérdida Estado de daño No para préstamo Colección Biblioteca de origen Biblioteca actual Ubicación en estantería Fecha de adquisición Fuente de adquisición Total de préstamos Signatura topográfica completa Código de barras Visto por última vez Precio de reemplazo Tipo de ítem Koha
        Libros del s. XIX Biblioteca del Ateneo de Madrid Biblioteca del Ateneo de Madrid Sala Pardo Bazán 17/01/2008     B-6695-6707 1160772 23/02/2023 23/02/2023 Libro impreso antiguo